000 01134nam a22003377a 4500
003 CHAP
005 20220329135320.0
008 971013s1986 r 00010 d
010 _a34287
011 _a35259
035 _a39375
040 _cCHAP
090 _aTesis
100 0 0 _aLuna Torres, María Alejandra.
_969121
245 _aMargenes de comercialización del pulque para la región de Nanacamilpa, Tlaxcala
260 _aChapingo, Méx. :
_bEl autor,
_c1986
300 _a58 h.
502 _aTesis (Ing. Agr. Esp. en Economía Agrícola) -- UACH. Departamento de Economía Agrícola
590 _aALEPH
_b10
_c20130110
_lUCH01
_h1259
590 _aBATCH-UPD
_b10
_c20130110
_lUCH01
_h1829
590 _aBATCH-UPD
_b10
_c20130410
_lUCH01
_h1202
590 _aBATCH-UPD
_b10
_c20130913
_lUCH01
_h2331
590 _aCONVERSION
_b10
_c20130109
_lUCH01
_h1319
650 1 4 _aAguamiel.
_92574
650 1 4 _aPulque
_xMercadeo.
_993015
650 1 4 _aPulque
_xProcesado.
_993016
710 0 _aUACH. Departamento de Economía Agrícola.
_9115862
901 _aBK
942 _cTESIS
949 _bBC
_cTES
_d-89777
_eTS1
_h18614
_i39375
_si
999 _c34287
_d34287